00508nam a22001817a 450000500170000001000150001702000260003203500140005803700130007208200150008510000200010024500600012025000100018026000410019027000700023130000220030170000030032320250508120224.0 aENG-144815 c395.00a9789380834344 aEN-128347 bDBAD/PUB a9212first aAgnihotri, R.K. aAutobiography of an Unknown Police-Man/cR.K. Agnihotri afirst aBhopalbIndra Publishing Housec2011 aE-5/21,Area Colony, Habibganj Police station RoadbBhopale462016 a356 p.c22cm(pbk)